| 000 | 00544nam a22001937a 4500 | ||
|---|---|---|---|
| 005 | 20260529152752.0 | ||
| 010 | _aENG-148674 | ||
| 020 |
_a9789349042940 _c299.00 |
||
| 035 | _aEN-132206 | ||
| 037 | _bDBAD | ||
| 082 |
_aS _21 |
||
| 100 |
_aSabharwal, Bubbles _989240 |
||
| 245 |
_aThis Forbidden Thing Called Love/ _cBubbles Sabharwal |
||
| 250 | _a1 | ||
| 260 |
_aChandigarh _bThe Browser _c2026 |
||
| 270 |
_bChandigarh _aSCO 14-15, Sector 8-C _e160009 _mservice@thebrowser.org |
||
| 300 |
_a131p. _c22cm(pb) |
||
| 942 |
_2ddc _cEN _hS _mSAB |
||
| 999 |
_c216411 _d216411 |
||